000 03162nam a2200373 i 4500
001 194523
003 SpMaBN
005 20250711063124.0
008 240503s2023 sp | |||| 000 spa
015 _aMON24
017 _aM 26751-2023
_bOficina Depósito Legal Madrid
020 _a9788419928092
040 _aSpMaBN
_bspa
_cSpMaBN
_erda
100 1 _987087
_aOnís, Federico de,
_d1885-1966
_eaut
245 _aIntroducción al Quijote :
_b(cursillo para la televisión puertorriqueña) /
_cFederico de Onís ; prólogo de Luce López-Baralt ; edición y notas de María Luisa Lugo Acevedo
250 _aPrimera edición: 2023
260 _aMadrid :
_bGrupo Editorial Sial Pigmalión, S.L.,
_c2023
300 _a398 páginas ;
_c21 cm
336 _aTexto
_2rdacontent
337 _asin mediación
_2rdamedia
338 _avolumen
_2rdacarrier
490 1 _aColección Cervantes ;
_v7
520 _aSirvan estas palabras para dar una calurosa bienvenida a la esmerada edición que ha hecho María Luisa Lugo, catedrática de Estudios Hispánicos de la Universidad de Puerto Rico, de las clases televisadas del Quijote que ofreció Federico de Onís en 1959 en la recién estrenada estación de televisión pública del país (WIPR-TV). Como bien señala la editora, el libro que el lector tiene en sus manos viene a cumplir un antiguo sueño del maestro salmantino: escribir al fin su libro Introducción al ‘Quijote’. Nunca lo hizo, ya que, por confesión propia, don Federico afirmaba que era de esos estudiosos «a quienes es más connatural el hablar que el escribir y creo, sin modestia, que hablando en mis clases, conferencias y discursos […] he dado lo mejor de mí». Don Federico nunca imaginaría que el Seminario que él fundara con tanto amor perpetuaría su legendario magisterio con esta esmerada edición de sus clases cervantinas, que a partir de ahora constituyen un volumen inapreciable para conocer el pensamiento del insigne profesor. Esta cuidadosa edición que hoy presentamos es el resultado directo del histórico magisterio americano de don Federico. Pero, como todo amor recíproco, este magisterio ha ido de ida, pero también va de vuelta. Le ha tocado ahora a una puertorriqueña, María Luisa Lugo, colaborar con el venerado maestro español y llevar a buen puerto su libro soñado. No me queda sino desear que la docencia vibrante de nuestro recordado don Federico siga viva en ambas orillas del Atlántico. Luce López-Baralt
700 0 _973436
_aLópez Baralt, Luce
_eaui
700 _aLugo Acevedo, María Luisa
_eedt
_9238733
830 _9232956
_aColección Cervantes ;
_v7
852 _aES-MaACL
_cDEPOJ
_jN-9962
_hDonación: María Luisa Lugo Acevedo
_xEncuadernación rústica con solapas
_gDedicatoria autógrafa de María Luisa Lugo Acevedo
_9205869
903 _aLugo Acevedo, María Luisa
_ednr
942 _cMONOGRAFIA
_n0
999 _c194523
_d194523